000 00779nam a2200205 i 4500
001 171186
003 ES-MaACL
005 20250808062752.0
008 090504s1960 sp |||| | spa d
017 _aM 4656-1960
245 0 0 _aDoctrina pontificia.
_nV,
_pDocumentos jurídicos /
_cedición preparada por José Luis Gutiérrez García ; prólogo de Carlos Viada López-Puigcerver.
260 _aMadrid :
_bLa Editorial Católica,
_c1960.
300 _aXXXII, 723 p. ;
_c20 cm.
490 1 _aBiblioteca de autores cristianos ;
_v194
700 1 _aGutiérrez García, José Luis.
_961152
700 0 _aViada y López-Puigcerver, Carlos.
_9114256
830 0 0 _aBiblioteca de autores cristianos
_v194
_9178679
852 _aES-MaACL
_jJ-190
_9R.46092
999 _c171186
_d171186